| 000 | 00761nam a2200241Ia 4500 | ||
|---|---|---|---|
| 005 | 20260430150426.0 | ||
| 008 | 008 250103s9999 xx 000 0 eng d | ||
| 037 | _aTheses | ||
| 040 | _aCRL | ||
| 040 | _beng | ||
| 040 | _ceng | ||
| 041 | _2eng | ||
| 041 | _aeng | ||
| 084 | _qCRL | ||
| 100 |
_aSingal Aakriti Au.; Nag Alo Gu. _91237467 |
||
| 245 | 0 | _aCharacterization of Plasmodium Falciparum SUMO Conjugating Enzyme, PfUBC9 and Elucidation of the Mode of Action of Maduramicin with Implication in Malaria Therapy | |
| 260 | _c2023 | ||
| 300 | _a223p. | ||
| 650 | _aBiochemistry | ||
| 700 |
_aUniversity of Delhi. Faculty of Inter- Disciplinary & Applied Science. Deptt. of Biochemistry _91237468 |
||
| 942 | _cTH | ||
| 999 |
_c1849751 _d1849751 |
||